[Event "JUG-chT"]
[Site "Vrnjacka Banja"]
[Date "1996.??.??"]
[Round "?"]
[White "Solak, Dragan"]
[Black "Rajevic, Gavrilo"]
[Result "1/2-1/2"]
[WhiteElo "2365"]
[BlackElo "2275"]

1.e4 c5 2.Nf3 d6 3.d4 cxd4 4.Nxd4 Nf6 5.Nc3 a6 6.Be3 e5 7.Nb3 Be6 8.Qd2 Nbd7
9.f4 exf4 10.Bxf4 Ne5 11.Nd4 Be7 12.O-O-O O-O 13.Nxe6 fxe6 14.g3 Nh5 15.Kb1 Nxf4
16.gxf4 Ng6 17.f5 exf5 18.Qd5+ Kh8 19.exf5 Ne5 20.Bd3 Qc8 21.Be4 Rb8 22.Ne2 Qc4
23.Qxc4 Nxc4 24.Nf4 Ne3 25.Rde1 Nxf5 26.Ne6 Rf6 27.Bxf5 Rxf5 28.Nxg7 Kxg7
29.Rxe7+ Rf7 30.Rg1+ Kf8 31.Rxf7+ Kxf7 32.Rf1+ Ke6 33.b3 Rg8 34.Rf4 h5 35.Rh4 Rg5
36.Kb2 b5 37.a4 Kd5 38.Kc3 Kc5 39.Rf4 bxa4 40.Rxa4 Kb5 41.Rf4 a5 42.Rh4  1/2-1/2

[Event "JUG-chT"]
[Site "Vrnjacka Banja"]
[Date "1996.??.??"]
[Round "?"]
[White "Simic, Dragisa"]
[Black "Licina, Zoran"]
[Result "1-0"]
[WhiteElo "2175"]
[BlackElo "2230"]

1.e4 c5 2.Nf3 d6 3.d4 cxd4 4.Nxd4 Nf6 5.Nc3 a6 6.Be3 Ng4 7.Bg5 h6 8.Bh4 g5
9.Bg3 Bg7 10.Be2 h5 11.h4 gxh4 12.Bxh4 Nc6 13.Nb3 Be6 14.Qd2 Rc8 15.f3 Nge5
16.O-O-O Ng6 17.Bg5 Nb4 18.Kb1 Qc7 19.Be3 h4 20.Rc1 Ne5 21.f4 Nc4 22.Bxc4 Qxc4
23.f5 Bd7 24.Bd4 Bxd4 25.Nxd4 Nc6 26.Nf3 Ne5 27.Nxe5 dxe5 28.Qg5 Qb4 29.Rxh4 Rxh4
30.Qg8+  1-0

[Event "JUG-chT"]
[Site "Vrnjacka Banja"]
[Date "1996.??.??"]
[Round "?"]
[White "Pikula, Dejan"]
[Black "Buljovcic, Ivan"]
[Result "1-0"]
[WhiteElo "2455"]
[BlackElo "2340"]

1.e4 c5 2.Nf3 d6 3.d4 cxd4 4.Nxd4 Nf6 5.Nc3 a6 6.Be3 Ng4 7.Bg5 h6 8.Bh4 g5
9.Bg3 Bg7 10.Be2 Ne5 11.Qd2 Nbc6 12.Nb3 Bd7 13.Nd5 b5 14.c3 Nc4 15.Qc1 Rc8
16.f4 gxf4 17.Nxf4 N6e5 18.Nh5 Bf8 19.O-O Qb6+ 20.Nd4 b4 21.Kh1 bxc3 22.bxc3 Qa5
23.Nb3 Qb6 24.Bf2 Qb7 25.Bd4 Be6 26.Qf4 Rg8 27.Rab1 Ng6 28.Qg3 Qd7 29.e5 dxe5
30.Nc5 Rxc5 31.Bxc5 Qc7 32.Qf2 f5 33.Bxc4 Bxc4 34.Qxf5 Nh4 35.Qe4 Bxf1 36.Qa8+ Qd8
37.Qc6+ Qd7 38.Nf6+ Kf7 39.Nxd7 Bxg2+ 40.Qxg2 Nxg2 41.Nxf8 Nf4 42.Nd7 Ke6
43.Nb6 Rg2 44.a4 Rc2 45.c4 Nd3 46.Be3 Kf5 47.Bg1 e4 48.Nd5 Ra2 49.Rb6 Rxa4
50.Nxe7+ Ke5 51.c5 Ra1 52.Rxh6 e3 53.Nc6+ Kd5 54.Rd6+ Kc4 55.Re6 Nxc5 56.Rxe3 a5
57.Ne5+ Kd5 58.Nf3 Nd7 59.Rd3+ Ke6 60.Kg2 Nf6 61.Nd4+ Kf7 62.Nb5 Rb1 63.Nd6+ Ke6
64.Nc4 Nd5 65.Rd4 a4 66.Re4+ Kf6 67.Bd4+ Kg6 68.Ne3 Nb4 69.Rg4+ Kh5 70.Bf6 a3
71.Rg5+  1-0

[Event "Wattens op"]
[Site "Wattens"]
[Date "1996.??.??"]
[Round "3"]
[White "Lawitsch, Guenther"]
[Black "Kornthaler, Reinhard"]
[Result "1-0"]
[WhiteElo "2270"]
[BlackElo "1830"]

1.e4 c5 2.Nf3 d6 3.d4 cxd4 4.Nxd4 Nf6 5.Nc3 a6 6.Be3 e6 7.Be2 Be7 8.O-O O-O
9.f4 Qc7 10.a4 Nc6 11.Kh1 Bd7 12.Qe1 Nxd4 13.Bxd4 Bc6 14.Qg3 g6 15.Bf3 Nd7
16.Rad1 Rfe8 17.f5 e5 18.fxg6 hxg6 19.Be3 Kg7 20.Be2 Nf6 21.Qf2 Rf8 22.Bf3 b5
23.axb5 axb5 24.Qd2 Rh8 25.b4 Qb7 26.Bg5 Ra3 27.Bxf6+ Bxf6 28.Nb1 Raa8 29.Nc3 Rad8
30.g3 Qd7 31.Qf2 Bg5 32.Nd5 Bxd5 33.Rxd5 Rh6 34.Qe2 Rdh8 35.Rf2 Qa7 36.Rxd6 Be3
37.Rg2 Bg1 38.Rxg1 Rxh2+ 39.Qxh2 Rxh2+ 40.Kxh2 Qf2+ 41.Bg2 f5 42.exf5 gxf5
43.Rf1 Qxc2 44.Ra1 Qc7 45.Raa6  1-0

[Event "Vier-Laender (Women)"]
[Site "Wuerttemberg"]
[Date "1996.??.??"]
[Round "?"]
[White "Stieber, Sandra"]
[Black "Kick Woerthmueller, Ines"]
[Result "1-0"]
[WhiteElo "1605"]
[BlackElo "1725"]

1.e4 c5 2.Nf3 d6 3.d4 cxd4 4.Nxd4 Nf6 5.Nc3 a6 6.Be3 e5 7.Nf3 b5 8.Be2 Bb7
9.Qd2 Nxe4 10.Nxe4 Bxe4 11.Rd1 Qc7 12.c3 Be7 13.O-O h6 14.Rc1 Nd7 15.c4 bxc4
16.Rxc4 Qb7 17.Rb4 Qc6 18.Rc1 Nc5 19.Bxc5 dxc5 20.Nxe5 Qd5 21.Qxd5 Bxd5 22.Ra4 Bd6
23.Nc4 Bc7 24.Ne3 Bc6 25.Rxa6 Rxa6 26.Bxa6 Bb6 27.b4 O-O 28.bxc5 Bc7 29.Bc4 Re8
30.g3 Kf8 31.Bd5 Bb5 32.c6 Rc8 33.Bf3 Be5 34.Rc5 Bxc6 35.Rxc6 Rd8 36.Rc2 Rb8
37.a4 Rb1+ 38.Kg2 g6 39.Ra2 Bd4 40.a5 Ba7 41.a6 f5 42.Nc4 Ke7 43.Ne5 Rb6  1-0

[Event "Wuerzburg op"]
[Site "Wuerzburg"]
[Date "1996.??.??"]
[Round "3.2"]
[White "Gofshtein, Leonid D"]
[Black "Lisanti, Andre"]
[Result "1-0"]
[WhiteElo "2540"]
[BlackElo "2325"]

1.e4 c5 2.Nf3 d6 3.d4 cxd4 4.Nxd4 Nf6 5.Nc3 a6 6.Be3 e6 7.Be2 Be7 8.f4 Nc6
9.Qd2 Qc7 10.O-O-O Bd7 11.g4 Nxd4 12.Qxd4 e5 13.Qd3 Bc6 14.f5 h6 15.h4 O-O-O
16.Bf3 Nd7 17.Nd5 Bxd5 18.Qxd5 Rhf8 19.Rd3 Nb6 20.Qb3 Nd7 21.Rc3 Nc5 22.Qa3 a5
23.Be2 Kb8 24.Kb1 Rc8 25.Bxc5 dxc5 26.Bc4 Ka7 27.Qb3 f6 28.Bd5 Rb8 29.a4 Rfd8
30.Qc4 Rd7 31.Rb3 Rd6 32.Rb5 b6 33.Rh3 Rd7 34.Rbb3 Rd6 35.Rhc3 Qd7 36.Rb5 Bf8
37.Qd3 Qd8 38.Rc4 Rd7 39.Qe3 Be7 40.Qc3 Bf8 41.g5 hxg5 42.hxg5 fxg5 43.Qxe5 Qf6
44.Qg3 Bd6 45.Qe1 Bc7 46.Qe2 Qe5 47.Qh5 Qf4 48.Be6 Re7 49.Ka2 Qe5 50.Rb3 Rxe6
51.fxe6 Qxe6 52.Rcc3 Qxe4 53.Qxg5 Be5 54.Qe7+ Rb7 55.Qe8 Qf5 56.Re3 Bf6 57.Qf8 Qd5
58.Qe8 Qc4 59.Re6 Qd5 60.Rc6 Qd8 61.Qe6 Bd4 62.Rd6 Qc7 63.Rd3 Ka6 64.Rc6 Qf7
65.Rxb6+ Ka7 66.Rxb7+ Qxb7 67.c3  1-0

[Event "Yerevan ol (Men)"]
[Site "Yerevan"]
[Date "1996.??.??"]
[Round "3"]
[White "Alvarez, Luis"]
[Black "Lendwai, Reinhard"]
[Result "1-0"]
[WhiteElo "2220"]
[BlackElo "2370"]

1.e4 c5 2.Nf3 d6 3.d4 cxd4 4.Nxd4 Nf6 5.Nc3 a6 6.Be3 Ng4 7.Bg5 h6 8.Bh4 g5
9.Bg3 Bg7 10.Be2 h5 11.h4 gxh4 12.Bxh4 Nc6 13.Nb3 Be6 14.Qd2 Rc8 15.O-O-O Nb4
16.Kb1 b5 17.a3 Nc6 18.Nd5 Nge5 19.Qg5 Kf8 20.Qg3 Nc4 21.c3 Bxd5 22.Rxd5 N6a5
23.Nxa5 Nxa5 24.Bxh5 Qc7 25.Rf5 Rxh5 26.Rxh5 Nc4 27.Bxe7+ Kxe7 28.Qxg7 Nd2+
29.Kc2 Nxe4 30.Re1 Qc4 31.Qg5+ f6 32.Rh7+ Ke6 33.Qg4+ f5 34.Qg6+ Ke5 35.Re7+ Kf4
36.R1xe4+  1-0

[Event "Yerevan ol (Men)"]
[Site "Yerevan"]
[Date "1996.??.??"]
[Round "3"]
[White "Davila, Carlos"]
[Black "Braso, Jorge"]
[Result "1-0"]
[WhiteElo "2290"]
[BlackElo "2245"]

1.e4 c5 2.Nf3 d6 3.d4 cxd4 4.Nxd4 Nf6 5.Nc3 a6 6.Be3 e5 7.Nb3 Be7 8.Be2 Qc7
9.g4 h6 10.h4 Be6 11.Rg1 Nc6 12.g5 hxg5 13.hxg5 Nd7 14.Nd5 Bxd5 15.exd5 Ncb8
16.Qd3 a5 17.g6 f5 18.Qxf5 Rf8 19.Qd3 a4 20.Nd2 Na6 21.c3 Nac5 22.Qc2 Na6
23.Qxa4 O-O-O 24.Bxa6 Nc5 25.Qg4+ Kb8 26.Bb5  1-0

[Event "ARM-ch"]
[Site "Yerevan"]
[Date "1996.??.??"]
[Round "3"]
[White "Khachian, Melikset"]
[Black "Minasian, Ara"]
[Result "1/2-1/2"]
[WhiteElo "2440"]
[BlackElo "2425"]

1.e4 c5 2.Nf3 d6 3.d4 cxd4 4.Nxd4 Nf6 5.Nc3 a6 6.Be3 Ng4 7.Bg5 h6 8.Bh4 g5
9.Bg3 Bg7 10.Qd2 Nc6 11.Nb3 f5 12.exf5 Bxf5 13.Bd3  1/2-1/2

[Event "Yerevan ol (Men)"]
[Site "Yerevan"]
[Date "1996.??.??"]
[Round "8"]
[White "Nevednichy, Vladislav"]
[Black "Olafsson, Helgi"]
[Result "1-0"]
[WhiteElo "2525"]
[BlackElo "2500"]

1.e4 c5 2.Nf3 d6 3.d4 cxd4 4.Nxd4 Nf6 5.Nc3 a6 6.Be3 e5 7.Nb3 Be6 8.Qe2 Nbd7
9.f4 exf4 10.Bxf4 Ne5 11.h3 Be7 12.O-O-O Qc7 13.g4 b5 14.g5 Nfd7 15.Nd5 Bxd5
16.exd5 O-O 17.Kb1 Rfe8 18.Qg2 Bf8 19.h4 g6 20.h5 Bg7 21.hxg6 hxg6 22.Qh3 Nb6
23.Bc1 Rac8 24.Rh2 Nec4 25.c3 Re5 26.Bd3 Rxd5 27.Rf2 Rxd3 28.Qxd3 a5 29.Nd4 b4
30.Ne6 Na3+ 31.bxa3 Qxc3 32.Qxc3 Bxc3 33.Nf4 Be5 34.Bb2  1-0

[Event "Yerevan ol (Men)"]
[Site "Yerevan"]
[Date "1996.??.??"]
[Round "11"]
[White "Peng Xiaomin"]
[Black "Sutovskij, Emil"]
[Result "1/2-1/2"]
[WhiteElo "2490"]
[BlackElo "2565"]

1.e4 c5 2.Nf3 d6 3.d4 cxd4 4.Nxd4 Nf6 5.Nc3 a6 6.Be3 e6 7.Be2 Qc7 8.f4 b5
9.a3 Bb7 10.Bf3 Nbd7 11.Qe2 Be7 12.O-O O-O 13.Kh1 Rfe8 14.Rad1 Nc5 15.Bf2 d5
16.e5 Nfe4 17.Nxe4 dxe4 18.Bg4 g6  1/2-1/2

[Event "Yerevan ol (Men)"]
[Site "Yerevan"]
[Date "1996.??.??"]
[Round "11"]
[White "Nevednichy, Vladislav"]
[Black "Kempinski, Robert"]
[Result "1-0"]
[WhiteElo "2525"]
[BlackElo "2510"]

1.e4 c5 2.Nf3 d6 3.d4 cxd4 4.Nxd4 Nf6 5.Nc3 a6 6.Be3 Ng4 7.Bg5 h6 8.Bh4 g5
9.Bg3 Bg7 10.Be2 h5 11.Bxg4 Bxg4 12.f3 Bc8 13.Qd2 Nc6 14.Bf2 Ne5 15.b3 e6
16.O-O b5 17.a4 b4 18.Na2 g4 19.f4 g3 20.hxg3 Ng4 21.Rad1 Bb7 22.Qxb4 Qc7
23.Qe1 Rc8 24.c4 Ba8 25.Qe2 Bf6 26.Nc3 Qa5 27.Rd3 Nxf2 28.Qxf2 Ke7 29.e5 dxe5
30.Nd5+ Bxd5 31.cxd5 exd4 32.dxe6 fxe6 33.Re1 h4 34.f5  1-0

[Event "Yerevan ol (Men)"]
[Site "Yerevan"]
[Date "1996.??.??"]
[Round "12"]
[White "Aronian, Levon"]
[Black "Amonatov, Farrukh"]
[Result "1-0"]
[WhiteElo "2390"]
[BlackElo "2110"]

1.e4 c5 2.Nf3 d6 3.d4 cxd4 4.Nxd4 Nf6 5.Nc3 a6 6.Be3 e6 7.f4 Qc7 8.Qf3 b5
9.Bd3 Bb7 10.g4 Nc6 11.g5 Nd7 12.O-O-O O-O-O 13.Kb1 Kb8 14.h4 Nc5 15.h5 Be7
16.Rhe1 Rc8 17.Nb3 Nb4 18.Nxc5 dxc5 19.Bf1 Nc6 20.Qf2 Nd4 21.Bg2 Rhd8 22.Ne2 Nxe2
23.Qxe2 Qc6 24.Qf2 f6 25.h6 Rxd1+ 26.Rxd1 gxh6 27.gxf6 Bxf6 28.Bh1 Qc7 29.e5 Be7
30.f5 Rd8 31.Rxd8+ Qxd8 32.f6 Bxh1 33.fxe7 Qxe7 34.Bxc5 Qg7 35.Qf6 Qd7 36.Bd6+ Kb7
37.Qf8 Be4 38.Qb8+ Kc6 39.a4 Qb7 40.Qg8 Kd5 41.Qg1 Kc6 42.a5 h5 43.Qg8 Kd5
44.Qd8 Bg6 45.Bb4+ Ke4 46.Qh4+ Kf5 47.Qf6+ Ke4 48.Qxe6 Qd5 49.Qxa6 Qd1+ 50.Ka2 Qxc2
51.e6 Qc4+ 52.Ka3 Kf3 53.Qa8+ Kg3 54.Qb8+ Kg4 55.Qe5 Qf1 56.Qd4+ Kh3 57.b3 Qe2
58.e7 Qe6 59.Bc5 Qc6 60.Qd6 b4+ 61.Kxb4 Qe4+ 62.Qd4 Qb7+ 63.Ka3 Qb5 64.Qc3+ Kg2
65.Qb4 Qe2 66.Qb7+ Kh2 67.Qc7+ Kg2 68.Qc6+ Kg3 69.a6 Qe1 70.Qc7+ Kg2 71.a7 Qa1+
72.Kb4 Qe1+ 73.Kb5 Be8+ 74.Kb6 Qe6+ 75.Qd6 Qxb3+ 76.Kc7 Qf3 77.Qd2+ Kh1 78.Qe1+ Kg2
79.Qf2+  1-0

[Event "Yerevan ol (Men)"]
[Site "Yerevan"]
[Date "1996.??.??"]
[Round "12"]
[White "Shirov, Alexei"]
[Black "Lalic, Bogdan"]
[Result "0-1"]
[WhiteElo "2685"]
[BlackElo "2565"]

1.e4 c5 2.Nf3 d6 3.d4 cxd4 4.Nxd4 Nf6 5.Nc3 a6 6.Be3 e5 7.Nb3 Be6 8.f3 Be7
9.Qd2 h5 10.Bd3 Nbd7 11.f4 b5 12.f5 Bc4 13.a4 O-O 14.O-O Rc8 15.axb5 axb5
16.Bxc4 Rxc4 17.Qd3 Qc8 18.Nd2 Rb4 19.b3 Nc5 20.Nd5 Nxd5 21.Qxd5 Bg5 22.Bf2 Bxd2
23.Qxd2 Rxe4 24.f6 gxf6 25.Qh6 Qg4 26.Be3 f5 27.Qxd6 Ne6 28.Rae1 Rc8 29.Qd3 b4
30.Rf3 h4 31.Ref1 Rd8 32.Qb5 f4 33.Qb7 Ng5  0-1

[Event "Yerevan ol (Men)"]
[Site "Yerevan"]
[Date "1996.??.??"]
[Round "13"]
[White "Aronian, Levon"]
[Black "Sandler, Leonid"]
[Result "0-1"]
[WhiteElo "2390"]
[BlackElo "2345"]

1.e4 c5 2.Nf3 d6 3.d4 cxd4 4.Nxd4 Nf6 5.Nc3 a6 6.Be3 e6 7.f4 b5 8.Qf3 Bb7
9.Bd3 Nbd7 10.g4 b4 11.Nce2 Nc5 12.Ng3 d5 13.e5 Nfe4 14.O-O Be7 15.f5 O-O
16.Bxe4 Nxe4 17.Nxe4 dxe4 18.Qf4 Qc7 19.f6 gxf6 20.Qh6 Rfd8 21.exf6 Bf8 22.Qh4 Rxd4
23.Bxd4 e3 24.Bxe3 Qxc2 25.Qh3 Rd8 26.Rae1 Qc6 27.Re2 Rd3 28.Kf2 Bc5 29.Rfe1 Qe4
30.Kg1 Bd4 31.g5 Qd5 32.Qg3 Be5 33.Qg2 Qxg2+ 34.Rxg2 Bxg2 35.Kxg2 Bxb2 36.Kf2 a5
37.Ke2 Rd5 38.h4 a4 39.Rb1 Bc3 40.h5 h6 41.g6 Rxh5 42.gxf7+ Kxf7 43.Kd3 Rh3
44.Ke4 b3 45.axb3 Rxe3+ 46.Kxe3 a3  0-1

[Event "Hallsberg opJ32"]
[Site "Hallsberg"]
[Date "1997.01.04"]
[Round "8"]
[White "Kulaots, Kaido"]
[Black "Gavrikov, Viktor"]
[Result "1/2-1/2"]
[WhiteElo "2405"]
[BlackElo "2605"]

1.e4 c5 2.Nf3 d6 3.d4 Nf6 4.Nc3 cxd4 5.Nxd4 a6 6.Be3 e6 7.g4 h6 8.f4 b5 9.Bg2 Bb7
10.g5 hxg5 11.fxg5 Nh5 12.O-O Nd7 13.g6 Nhf6 14.gxf7+ Kxf7 15.e5 Bxg2 16.exf6 Bxf1
17.Nxe6 Qxf6 18.Ng5+ Kg6 19.Qd5 Nb6 20.Qe4+ Qf5 21.Qxf5+ Kxf5 22.Rxf1+ Kg6
23.Nf7 Rh5 24.Bxb6 Be7 25.Ne2 Rf5 26.Rxf5 Kxf5 27.h4 Rf8 28.Ng5 Bxg5 29.hxg5 Kxg5
30.Bc7 d5 31.Nd4 Kg4 32.Kg2 g5 33.c3 Re8 34.Kf2 Kh3 35.Ne2 Rf8+ 36.Ke3 Kg2
37.b4 Re8+ 38.Kd3 Re4 39.a3 Kf2 40.Bb6+ Kf3 41.Nd4+ Kg2 42.Nf5 g4 43.Bc7 Kf2
44.Bd6 Kf3 45.Nh4+ Kf2 46.Nf5 Kf3  1/2-1/2

[Event "FRA-chT9697 final"]
[Site "Clichy"]
[Date "1997.05.02"]
[Round "9"]
[White "Apicella, Manuel"]
[Black "Gallagher, Joseph G"]
[Result "1-0"]
[WhiteElo "2500"]
[BlackElo "2545"]

1.e4 c5 2.Nf3 d6 3.d4 cxd4 4.Nxd4 Nf6 5.Nc3 a6 6.Be3 Ng4 7.Bg5 h6 8.Bh4 g5
9.Bg3 Bg7 10.Be2 h5 11.Bxg4 hxg4 12.O-O Nc6 13.Nf5 Bxf5 14.exf5 Bxc3 15.bxc3 Ne5
16.Bxe5 dxe5 17.Qxg4 f6 18.Qe4 Qc7 19.Rab1 O-O-O 20.g3 Rd6 21.Rb4 Rhd8 22.Kg2 Kb8
23.Rfb1 b6 24.a4 a5 25.Rb5 Ka7 26.c4 Rd4 27.c5 Qd7 28.Qe1 Rxa4 29.cxb6+ Kb8
30.Rxa5 Qc6+ 31.Kg1 Qxc2 32.Rxa4 Qxa4 33.Ra1 Qc6 34.Qa5 Rd7 35.Qa2 Qd5 36.Qa4 e4
37.Rc1 Qd2 38.Rc8+ Kb7  1-0

[Event "RUS-Cup9"]
[Site "Novgorod"]
[Date "1997.06.11"]
[Round "1"]
[White "Isupov, Vladimir"]
[Black "Dvoirys, Semen I"]
[Result "0-1"]
[WhiteElo "2375"]
[BlackElo "2590"]

1.e4 c5 2.Nf3 d6 3.d4 cxd4 4.Nxd4 Nf6 5.Nc3 a6 6.Be3 e5 7.Nf3 Be7 8.Bc4 O-O
9.O-O Be6 10.Bb3 Nc6 11.Qe2 b5 12.Rfd1 Qc8 13.Bg5 Na5 14.Bxf6 Bxf6 15.Nd5 Bd8
16.c3 Nxb3 17.axb3 Qb7 18.Rd3 f5 19.Nd2 fxe4 20.Qxe4 Rb8 21.Ne3 Qb6 22.g3 Bg5
23.h4 Bh6 24.b4 Rf7 25.Kg2 Rbf8 26.f3 Bc8 27.Rf1 Bb7 28.Nd5 Bxd2 29.Rxd2 Qc6
30.b3 Qd7 31.Rd3 Qe6 32.c4 Bc8 33.Rh1 Qh6 34.Qe2 Bf5 35.Rc3 Be6 36.Rd1 Qg6
37.Re3 Qf5 38.Qd3 Qf6 39.Qc3 Qg6 40.Rh1 e4 41.Kh2 exf3 42.Nf4 Qg4 43.Rf1 Bc8
44.Rexf3 Bb7 45.R3f2 h6 46.Qd3 bxc4 47.bxc4 Rf6 48.Kg1 Rf5 49.Kh2 g5 50.Nh3 Bc8
51.Rxf5 Bxf5 52.Qd5+ Kg7 53.Nf2 Qe2 54.Qd4+ Kg8 55.Kg1 gxh4 56.gxh4 Rf7 57.Ra1 Kh7
58.Rxa6 Rg7+ 59.Kh2 Qf3  0-1

[Event "Politiken Cup"]
[Site "Copenhagen"]
[Date "1997.07.15"]
[Round "10"]
[White "Sylvan, Jacob"]
[Black "Coleman, David"]
[Result "1-0"]
[WhiteElo "2245"]
[BlackElo "2230"]

1.e4 c5 2.Nf3 d6 3.d4 cxd4 4.Nxd4 Nf6 5.Nc3 a6 6.Be3 Ng4 7.Bg5 h6 8.Bh4 g5
9.Bg3 Bg7 10.Be2 h5 11.h4 Nc6 12.Nf5 Bxf5 13.exf5 Qa5 14.Qd2 gxh4 15.Bxh4 Qxf5
16.Nd5 Rc8 17.Rh3 Bxb2 18.Rb1 Bd4 19.Bf3 Nge5 20.Nxe7 Qxh3 21.Bxc6+ bxc6
22.Qxd4 Qh1+ 23.Kd2 Qxb1 24.Nxc8 Qb8 25.Kc1 Qxc8 26.Qxd6 Ng6 27.Bf6 Rg8 28.f4  1-0

[Event "Wch U20 Girls"]
[Site "Zagan"]
[Date "1997.07.17"]
[Round "4"]
[White "Lakos, Nikoletta"]
[Black "Dworakowska, Joanna"]
[Result "0-1"]
[WhiteElo "2415"]
[BlackElo "2285"]

1.e4 c5 2.Nf3 d6 3.d4 cxd4 4.Nxd4 Nf6 5.Nc3 a6 6.Be3 e6 7.Qd2 b5 8.f3 Bb7
9.g4 Nfd7 10.O-O-O Nb6 11.Bd3 N8d7 12.Kb1 Rc8 13.Qf2 Rxc3 14.bxc3 Qc7 15.Bxb5 axb5
16.Nxb5 Qc6 17.Na7 Qc7 18.Nb5 Qc4 19.Nxd6+ Bxd6 20.Rxd6 Na4 21.Bd4 e5 22.Qf1 Qc7
23.Bxe5 Nxe5 24.Qb5+ Nd7 25.Qd3 Nac5 26.Qd4 O-O  0-1

[Event "Komercni Banka op"]
[Site "Pardubice"]
[Date "1997.07.18"]
[Round "2"]
[White "Kalod, Radek"]
[Black "Fedorchuk, Sergey A"]
[Result "1/2-1/2"]
[WhiteElo "2430"]
[BlackElo "2315"]

1.e4 c5 2.Nf3 d6 3.d4 cxd4 4.Nxd4 Nf6 5.Nc3 a6 6.Be3 e6 7.g4 h5 8.g5 Ng4
9.Bc1 Qb6 10.h3 Ne5 11.Be2 g6 12.f4 Nec6 13.Nb3 Nd7 14.Bf3 Qc7 15.Nd4 Bg7
16.Be3 O-O 17.O-O Nb6 18.Be2 Nxd4 19.Bxd4 e5 20.Be3 Bxh3 21.f5 Bxf1 22.Qxf1 d5
23.exd5 e4 24.Qf2 Bxc3 25.Bxb6 e3 26.Qxe3 Bd2 27.Bxc7 Bxe3+ 28.Kh1 Bxg5 29.Rg1 Bd8
30.Bxd8 Raxd8 31.fxg6 f5 32.c4 Kg7 33.Bf3 Rf6 34.c5 Rxg6 35.Rxg6+ Kxg6 36.d6 Kf6
37.Bxb7 Ke5 38.Bxa6 f4 39.Kg2 Rg8+ 40.Kf2 h4 41.Bf1 Rb8 42.Kf3 Rxb2 43.d7 Rb8
44.c6 Kd6 45.Kxf4 Rg8 46.Bc4 Rh8 47.Bd5 Kc7 48.Kg4 h3 49.Kg3 h2 50.Bh1 Rh6
51.a4 Rh5 52.a5 Rxa5 53.Kxh2  1/2-1/2

[Event "Komercni Banka op"]
[Site "Pardubice"]
[Date "1997.07.21"]
[Round "5"]
[White "Kalod, Radek"]
[Black "Vaulin, Alexander"]
[Result "0-1"]
[WhiteElo "2430"]
[BlackElo "2530"]

1.e4 c5 2.Nf3 d6 3.d4 cxd4 4.Nxd4 Nf6 5.Nc3 a6 6.Be3 e5 7.Nb3 Be6 8.f3 Nbd7
9.Qd2 b5 10.g4 Nb6 11.g5 Nfd7 12.Nd5 Rc8 13.h4 Bxd5 14.exd5 Nc4 15.Bxc4 bxc4
16.Nc1 c3 17.bxc3 Nb6 18.Bxb6 Qxb6 19.Nd3 h6 20.O-O-O hxg5 21.hxg5 Rb8 22.Qe1 Rxh1
23.Qxh1 Be7 24.Kd2 Bxg5+ 25.f4 Bh6 26.Qe4 Kf8 27.Rh1 exf4 28.Qf3 Qe3+ 29.Qxe3 fxe3+
30.Ke2 Rc8  0-1

[Event "Komercni Banka op"]
[Site "Pardubice"]
[Date "1997.07.21"]
[Round "5"]
[White "Varavin, Viktor"]
[Black "Stohl, Igor"]
[Result "1/2-1/2"]
[WhiteElo "2440"]
[BlackElo "2565"]

1.e4 c5 2.Nf3 d6 3.d4 cxd4 4.Nxd4 Nf6 5.Nc3 a6 6.Be3 e6 7.Qd2 b5 8.f3 Nbd7
9.g4 h6 10.O-O-O Bb7 11.Bd3 Ne5 12.Rhe1 Nfd7 13.Kb1 g5 14.Nce2 Nb6 15.Ng3 Nbc4
16.Qe2 Nxe3 17.Qxe3 Qb6 18.Rc1 O-O-O 19.c4 b4 20.Nb3 Qxe3 21.Rxe3 Nc6 22.Nh5 Kb8
23.c5 Ka7 24.cxd6 Bxd6 25.Nc5 Ne5 26.Nxb7 Kxb7 27.Be2 Rc8 28.Rxc8 Rxc8 29.a3 a5
30.axb4 axb4 31.f4 gxf4 32.Nxf4 Nc4 33.Bxc4 Rxc4 34.Nd3 Bxh2 35.Ka2 Bd6 36.Kb3 Rd4
37.e5 Bf8 38.Rf3 Kc6 39.Ka4 Kd5 40.Rxf7 Rxd3 41.Rxf8 Rd4 42.Rh8 Kxe5 43.Rxh6 Rxg4
44.Rh5+ Kd4 45.Kxb4 e5 46.Ka5 e4 47.b4 e3 48.b5 e2 49.Rh1 Re4 50.Re1 Kc5
51.b6 Kc6  1/2-1/2

[Event "Wch U20 Girls"]
[Site "Zagan"]
[Date "1997.07.21"]
[Round "7"]
[White "Medvegy, Nora"]
[Black "Benderac, Ana"]
[Result "1-0"]
[WhiteElo "2275"]
[BlackElo "2145"]

1.e4 c5 2.Nf3 d6 3.d4 cxd4 4.Nxd4 Nf6 5.Nc3 a6 6.Be3 Ng4 7.Bg5 h6 8.Bh4 g5
9.Bg3 Bg7 10.Be2 h5 11.Bxg4 Bxg4 12.f3 Bd7 13.Bf2 Nc6 14.O-O Qa5 15.Nd5 Kf8
16.c3 Nxd4 17.Bxd4 Bxd4+ 18.cxd4 e6 19.Ne3 Rc8 20.Rf2 Ke7 21.b3 Qc3 22.Nc4 a5
23.f4 gxf4 24.Rxf4 Rh7 25.Rf3 Qb4 26.Qc1 Rg7 27.Qf4 Rxc4 28.Qh6 Rg4 29.Raf1 Be8
30.bxc4 Qb2 31.Qf6+ Kd7 32.R3f2 Qc3 33.d5 Qxc4 34.dxe6+ fxe6 35.e5 Rg6 36.Qf8 Qd4
37.exd6 Qxd6 38.Rf7+  1-0

[Event "Wch U20 Girls"]
[Site "Zagan"]
[Date "1997.07.22"]
[Round "8"]
[White "Kucypera, Anna"]
[Black "Nguyen Thi Tuong Van"]
[Result "1/2-1/2"]
[WhiteElo "2050"]
[BlackElo "2160"]

1.e4 c5 2.Nf3 d6 3.d4 cxd4 4.Nxd4 Nf6 5.Nc3 a6 6.Be3 e6 7.Qd2 Qc7 8.f3 b5
9.g4 Be7 10.O-O-O Bb7 11.g5 Nfd7 12.h4 Nc6 13.Kb1 Nde5 14.Qf2 O-O 15.Rg1 Rfc8
16.f4 Nxd4 17.Rxd4 Nd7 18.f5 Nc5 19.Rg4 Bc6 20.h5 Qb7 21.f6 Bf8 22.g6 fxg6
23.hxg6 hxg6 24.Rxg6 e5 25.Rxd6 Bxe4 26.Nxe4 Nxe4 27.f7+ Qxf7 28.Qxf7+ Kxf7
29.Rxa6 Rd8 30.Kc1 Rxa6 31.Rxa6 Nd6 32.a4 bxa4 33.Rxa4 Be7 34.c4 Nf5 35.Bd2 Nd4
36.Be3 Nf5 37.Bd2 Nd4 38.Be3 Nf5 39.Bd2 Nd4 40.Be3  1/2-1/2

[Event "Wch U20 Girls"]
[Site "Zagan"]
[Date "1997.07.27"]
[Round "13"]
[White "Medvegy, Nora"]
[Black "Vasilevich, Tatjana"]
[Result "0-1"]
[WhiteElo "2275"]
[BlackElo "2425"]

1.e4 c5 2.Nf3 d6 3.d4 cxd4 4.Nxd4 Nf6 5.Nc3 a6 6.Be3 e6 7.Be2 Qc7 8.a4 b6
9.f4 Bb7 10.Bf3 Nbd7 11.Qe2 Nc5 12.Bf2 Be7 13.O-O O-O 14.e5 dxe5 15.fxe5 Nfd7
16.Bxb7 Nxb7 17.Rae1 Bb4 18.Qh5 Na5 19.Re4 Nc4 20.Nf3 Be7 21.Nd1 f5 22.Re2 Ncxe5
23.Nxe5 Nxe5 24.Rfe1 Bd6 25.Qh3 Ng6 26.Qb3 Nf4 27.Rd2 Bc5 28.Kf1 Bxf2 29.Nxf2 Rae8
30.g3 Nd5 31.c4 Nf6 32.Rde2 Qc6 33.c5 Nd5 34.cxb6 f4 35.a5 Ne3+ 36.Rxe3 fxe3
37.Qxe3 Qh1+ 38.Ke2 Qd5 39.Qc3 Rc8 40.Qb4 Rc2+  0-1

[Event "MK Cafe op-A"]
[Site "Koszalin"]
[Date "1997.08.03"]
[Round "1"]
[White "Dworakowska, Joanna"]
[Black "Vaulin, Alexander"]
[Result "1/2-1/2"]
[WhiteElo "2305"]
[BlackElo "2530"]

1.e4 c5 2.Nf3 d6 3.d4 cxd4 4.Nxd4 Nf6 5.Nc3 a6 6.Be3 e5 7.Nb3 Be6 8.f4 exf4
9.Bxf4 Nc6 10.Qe2 Be7 11.h3 Qc7 12.O-O-O O-O 13.g4 Rfe8 14.g5 Nd7 15.h4 b5
16.Qg2 Nce5 17.h5 b4 18.Nd5 Bxd5 19.exd5 a5 20.Nd4 b3 21.axb3 a4 22.g6 axb3
23.gxf7+ Kxf7 24.Nxb3 Bf6 25.Bxe5 Rxe5 26.c3 Qb6 27.Bc4 Ra4 28.Qg4 Bg5+ 29.Kb1 Nf6
30.Rhf1 Qc7 31.Nc5 Rxc4 32.Qxc4 Qxc5 33.Qa4 Qe3 34.Qd7+ Re7 35.Qf5 Qe4+ 36.Qxe4 Rxe4
37.b4 Ke7 38.Kb2 Kd7 39.Kb3 Re3 40.Kc4 h6 41.Ra1 Re4+ 42.Kd3 Re3+ 43.Kc4 Re4+
44.Kd3 Re3+  1/2-1/2

[Event "MK Cafe op-A"]
[Site "Koszalin"]
[Date "1997.08.07"]
[Round "6"]
[White "Kokkila, Tero"]
[Black "Mazalon, Mariusz"]
[Result "0-1"]
[WhiteElo "2335"]
[BlackElo "2220"]

1.e4 c5 2.Nf3 d6 3.d4 cxd4 4.Nxd4 Nf6 5.Nc3 a6 6.Be3 Ng4 7.Bg5 h6 8.Bh4 g5
9.Bg3 Bg7 10.Be2 h5 11.h4 gxh4 12.Bxh4 Nc6 13.Nb3 Be6 14.Qd2 Rc8 15.f3 Nge5
16.O-O-O Na5 17.Nxa5 Qxa5 18.a3 Ng6 19.Nd5 Qxd2+ 20.Rxd2 Bh6 21.Bg3 Bxd5
22.exd5 Bxd2+ 23.Kxd2 Ne5 24.b3 Kd7 25.f4 Ng4 26.Rxh5 Nf6 27.Rxh8 Rxh8 28.Bf3 Rg8
29.Bh4 Ng4 30.Ke2 f5 31.Bg5 b5 32.Kd3 Rh8 33.c4 bxc4+ 34.Kxc4 Rc8+ 35.Kb4 Rc5
36.Bh4 Ne3 37.Bf2 Nxd5+ 38.Ka4 Nb6+ 39.Kb4 a5+  0-1

[Event "MK Cafe op-A"]
[Site "Koszalin"]
[Date "1997.08.07"]
[Round "6"]
[White "Zezulkin, Jurij"]
[Black "Kempinski, Robert"]
[Result "1/2-1/2"]
[WhiteElo "2465"]
[BlackElo "2530"]

1.e4 c5 2.Nf3 d6 3.d4 cxd4 4.Nxd4 Nf6 5.Nc3 a6 6.Be3 Ng4 7.Bg5 h6 8.Bh4 g5
9.Bg3 Bg7 10.h4 Nc6 11.Nb3 gxh4 12.Bxh4 Be6 13.Qd2 Rc8 14.f3 Nge5 15.Bf2 h5
16.Be3 Na5 17.Qf2 Nac4 18.Bxc4 Nxc4 19.Bd4 Bxd4 20.Qxd4 Kd7 21.Na4 Kc7 22.O-O-O Qg8
23.f4 Kb8 24.Qf2 Qg7 25.Rd3 h4 26.Nd4 Bd7 27.Nc3 Qh6 28.b3 Ne5 29.Rd2 Rxc3
30.fxe5 dxe5 31.Nf3 h3 32.Kb2 Rc7 33.Nxe5 Be6 34.gxh3 Qg5 35.Qd4 f6 36.Nf3  1/2-1/2

[Event "BCF-ch"]
[Site "Hove"]
[Date "1997.08.15"]
[Round "11"]
[White "Ward, Christopher"]
[Black "Emms, John M"]
[Result "0-1"]
[WhiteElo "2505"]
[BlackElo "2530"]

1.e4 c5 2.Nf3 d6 3.d4 Nf6 4.Nc3 cxd4 5.Nxd4 a6 6.Be3 e5 7.Nb3 Be6 8.Be2 Be7
9.O-O O-O 10.a4 Nbd7 11.f3 Qc7 12.Rf2 Rfd8 13.Bf1 Nb6 14.a5 Nc4 15.Bxc4 Qxc4
16.Bb6 Rd7 17.Rd2 d5 18.exd5 Nxd5 19.Nxd5 Rxd5 20.Rxd5 Bxd5 21.Nd2 Qc6 22.c3 Be6
23.Qa4 Bc5+ 24.Kf1 Qd6 25.Bxc5 Qxc5 26.b3 Qd4 27.Ne4 f5 28.Nf2 e4 29.Re1 e3
30.Qb4 Re8 31.Nh3 f4 32.Ng5 Bf5 33.g4 fxg3 34.hxg3 h6 35.Ne4 Bxe4 36.fxe4 Qxe4
37.Kg1 Qf3 38.Kh2 Re5  0-1